| 000 | 00501nam a22001337a 4500 | ||
|---|---|---|---|
| 082 | _aMSEE-4 TAN | ||
| 100 |
_aMaryam Tanveer _999977 |
||
| 245 | _aPhysical device modeling of InP based heterojunction bipolar Transistors | ||
| 260 |
_aIslamabad _bNUST-SEECS _c2015 |
||
| 300 |
_a97p. _bill.; _eCD ROM |
||
| 500 | _aSupervisors: Dr. Tauseef Tauqeer, Dr.Hassan Abbas Khan, Hassan Khan, Dr. Usman Younis, Mr. Ahsan Azhar | ||
| 856 | _uhttp://10.250.8.41:8080/xmlui/handle/123456789/9327 | ||
| 942 |
_cPR _2ddc |
||
| 999 |
_c13449 _d13449 |
||